| 000 | 00615nam a2200193Ia 4500 | ||
|---|---|---|---|
| 008 | 140626s9999 xx 000 0 und d | ||
| 100 | _aDaya, A.. | ||
| 245 |
_aThematic analysis of readmission into inpatients units for adults with intellectual disabilities : _b two case studies / _cA Daya ... [et al.]. |
||
| 260 | _cc2011. | ||
| 300 | _a15 : 4, page 279 | ||
| 440 | _aJournal of Intellectual Disabilities | ||
| 521 | _aSPED | ||
| 650 | _a Adult inpatients. | ||
| 650 | _aCase studies. | ||
| 650 | _aInpatients units. | ||
| 650 | _aIntellectual disabilities. | ||
| 650 | _aReadmissions. | ||
| 942 | _cSE | ||
| 999 |
_c120956 _d120956 |
||